| 000 | 00860nas a2200289 4500 | ||
|---|---|---|---|
| 001 | BR0304280 | ||
| 003 | BR-BrBNA | ||
| 005 | 20231205104023.0 | ||
| 007 | ta | ||
| 008 | 230509b bl.|||p| |||| 00| 00por d | ||
| 040 |
_aBR-BrBNA _bpor _cBiblioteca Nacional de Agricultura |
||
| 041 | _a(Pt) | ||
| 072 | _aF02 | ||
| 100 | 1 | _aFirmino, A. | |
| 100 | 1 | _aCarvalho, A.C.P.P. de | |
| 100 | 1 | _aPantoja, S.C. de S. | |
| 100 | 1 | _aAbreu, H. dos S. | |
| 245 | 1 | _aRegeneração in vitro de plântulas de jiloeiro (Solanum gilo Raddi)cultivar Morro Redondo | |
| 650 | _aJILÓ | ||
| 650 | _aREGENERAÇÃO | ||
| 650 | _aORGANOGÊNESE | ||
| 650 | _aCULTURA IN VITRO | ||
| 650 | _aVARIEDADE | ||
| 773 | 0 |
_tAgronomia (Brazil) _xISSN 0365-2718 _g(Jan-Dec 2001), v. 35(1-2) p. 53-57 _wBR0304280 |
|
| 909 |
_a202311 _bLúcia _c55 _dLúcia Elande |
||
| 942 |
_2AGRIS _n0 _cANA |
||
| 999 |
_c175983 _d175983 |
||